| 000 | 01196cam a2200325 a 4500 | ||
|---|---|---|---|
| 001 | 3035963 | ||
| 003 | ARRUPE | ||
| 005 | 20160215151908.0 | ||
| 008 | 951130r19961912nbu b 001 0 eng | ||
| 010 | _a 95051057 | ||
| 020 | _a0803275897 (pbk. : alk. paper) | ||
| 040 |
_aDLC _cDLC _dDLC |
||
| 041 | 0 | _aengfre | |
| 050 | 0 | 0 |
_aB945.J23 _bE7 1996 |
| 082 | 0 | 0 |
_a191 _220 |
| 100 | 1 |
_aJames, William, _d1842-1910. _922318 |
|
| 245 | 1 | 0 |
_aEssays in radical empiricism / _cby William James ; introduction to the Bison books edition by Ellen Kappy Suckiel ; [preface by Ralph Barton Perry]. |
| 260 |
_aLincoln : _bUniversity of Nebraska Press, _cc1996. |
||
| 300 |
_axxiv, 282 p. ; _c21 cm. |
||
| 500 | _a"Bison books"--P. [i]. | ||
| 500 | _aOriginally published: New York : Longmans, Green and Co., 1912. | ||
| 504 | _aIncludes bibliographical references and index. | ||
| 546 | _aEnglish and French. | ||
| 650 | 0 |
_aExperience. _914106 |
|
| 650 | 0 |
_aPragmatism. _922319 |
|
| 650 | 0 |
_aPhilosophy, Modern. _922320 |
|
| 906 |
_a7 _bcbc _corignew _d1 _eocip _f19 _gy-gencatlg |
||
| 942 |
_2lcc _cMONOGRAPH |
||
| 999 |
_c124185 _d124185 |
||